<?xml version="1.0" encoding="UTF-8"?>
<collection xmlns="http://www.loc.gov/MARC21/slim">
 <record>
  <leader>03191nam a2200337 a 4500</leader>
  <controlfield tag="001">1/44749</controlfield>
  <controlfield tag="008">140627s2004    us            001 0 eng  </controlfield>
  <datafield tag="020" ind1=" " ind2=" ">
   <subfield code="a">9781931836241</subfield>
  </datafield>
  <datafield tag="020" ind1=" " ind2=" ">
   <subfield code="a">1931836248</subfield>
  </datafield>
  <datafield tag="035" ind1=" " ind2=" ">
   <subfield code="l">47703</subfield>
  </datafield>
  <datafield tag="040" ind1=" " ind2=" ">
   <subfield code="a">OPELS</subfield>
   <subfield code="b">eng</subfield>
   <subfield code="c">OPELS</subfield>
   <subfield code="d">OPELS</subfield>
   <subfield code="d">OCLCQ</subfield>
   <subfield code="d">OCLCF</subfield>
   <subfield code="d">GR-PeUP</subfield>
  </datafield>
  <datafield tag="096" ind1=" " ind2=" ">
   <subfield code="a">TK 5102.85</subfield>
   <subfield code="b">W35 2004</subfield>
  </datafield>
  <datafield tag="100" ind1="1" ind2=" ">
   <subfield code="a">Walther, Henrik.</subfield>
  </datafield>
  <datafield tag="245" ind1="1" ind2="0">
   <subfield code="a">CYA</subfield>
   <subfield code="h">[electronic resource] :</subfield>
   <subfield code="b">securing Exchange Server 2003 and Outlook Web Access : cover your a** by getting it right the first time /</subfield>
   <subfield code="c">Henrik Walther ; Patrick Santry, technical editor.</subfield>
  </datafield>
  <datafield tag="246" ind1="3" ind2="0">
   <subfield code="a">Securing Exchange Server 2003 and Outlook Web Access</subfield>
  </datafield>
  <datafield tag="260" ind1=" " ind2=" ">
   <subfield code="a">Rockland, MA :</subfield>
   <subfield code="b">Syngress,</subfield>
   <subfield code="c">c2004.</subfield>
  </datafield>
  <datafield tag="300" ind1=" " ind2=" ">
   <subfield code="a">1 online resource (xviii, 317 p.) :</subfield>
   <subfield code="b">ill.</subfield>
  </datafield>
  <datafield tag="520" ind1=" " ind2=" ">
   <subfield code="a">A highly portable, easily digestible road-map to configuring, maintaining and troubleshooting essential Exchange Server 2003 features. The book is organized around the 11 &quot;MMCs&quot; (Microsoft Management Consoles) that contain the configuration menus for the essential features. The options within each menu are explained clearly, potential problems are identified up-front, and configurations are subsequently presented in the aptly named &quot;By the Book&quot; section for that MMC. Readers will also appreciate the &quot;Reality Check&quot; sidebars throughout, which present valuable cost/benefit analyses of situations where there is no single &quot;right&quot; answer. * Walks the reader through step-by-step configurations to assure they have been thorough and responsible in their work * Clearly identifies those features of Exchange Server 2003 that represent the highest risk factors for attacks, performance degradation and service failures * CYA comes right out and says what most IT Professionals are already thinking.</subfield>
  </datafield>
  <datafield tag="505" ind1="0" ind2=" ">
   <subfield code="a">Coverage includes: Exchange 2000 Administrative Rights, Mailbox Rights, Denial of Service and Exchange, Types of File Vulnerabilities, Vulnerability of Transmitted Data, Message Authenticity, Event Service and Event Sinks, Message Relay via SMTP, Preventing Exchange Security Problems, The W2K/IIS Platform Must Be Solid, Dedicate Servers to Specific Functions, Disable Unnecessary Services, Tightening Mailbox Security, Enabling SSL for Internet or Remote Clients, Locking Down an IIS/OWA Server, Imposing Limits, Protecting Critical Files, Network Analysis Risk Reduction, Denying Client Access, Stopping Viruses, Exchange 2000 and Firewalls, SMTP Security, Auditing for Possible Security Breaches, Windows 2000 Event Auditing, Exchange 2000 Event Auditing, Logging Internet Client Access, Securing MAPI Clients, Enabling Message Encryption (S/MIME).</subfield>
  </datafield>
  <datafield tag="500" ind1=" " ind2=" ">
   <subfield code="a">Includes index.</subfield>
  </datafield>
  <datafield tag="630" ind1="0" ind2="0">
   <subfield code="a">Microsoft Exchange server.</subfield>
  </datafield>
  <datafield tag="630" ind1="0" ind2="0">
   <subfield code="a">Microsoft Outlook.</subfield>
  </datafield>
  <datafield tag="650" ind1=" " ind2="4">
   <subfield code="a">Client/server computing.</subfield>
  </datafield>
  <datafield tag="650" ind1=" " ind2="4">
   <subfield code="a">Computer networks</subfield>
   <subfield code="x">Security measures.</subfield>
  </datafield>
  <datafield tag="650" ind1=" " ind2="4">
   <subfield code="a">Electronic mail systems</subfield>
   <subfield code="x">Security measures.</subfield>
  </datafield>
  <datafield tag="655" ind1=" " ind2="4">
   <subfield code="a">Electronic books.</subfield>
  </datafield>
  <datafield tag="700" ind1="1" ind2=" ">
   <subfield code="a">Santry, Patrick.</subfield>
  </datafield>
  <datafield tag="852" ind1=" " ind2=" ">
   <subfield code="a">INST</subfield>
   <subfield code="b">UNIPILB</subfield>
   <subfield code="c">EBOOKS</subfield>
   <subfield code="e">20140627</subfield>
   <subfield code="p">00b47703</subfield>
   <subfield code="q">00b47703</subfield>
   <subfield code="t">ONLINE</subfield>
   <subfield code="y">0</subfield>
  </datafield>
  <datafield tag="856" ind1="4" ind2="0">
   <subfield code="3">ScienceDirect</subfield>
   <subfield code="u">http://www.sciencedirect.com/science/book/9781931836241</subfield>
  </datafield>
  <datafield tag="856" ind1="4" ind2=" ">
   <subfield code="d">/webopac/covers/03/47703_9781931836241.jpg</subfield>
  </datafield>
  <datafield tag="856" ind1="4" ind2=" ">
   <subfield code="d">/webopac/covers/03/47703_1931836248.jpg</subfield>
  </datafield>
 </record>
</collection>
